[Event "Mendrisio op"]
[Site "Mendrisio"]
[Date "1989.??.??"]
[Round "6"]
[White "Csom, Istvan"]
[Black "Bykhovsky, Avigdor"]
[Result "1/2-1/2"]
[WhiteElo "2530"]
[BlackElo "2485"]

1.c4 e5 2.g3 d6 3.Bg2 g6 4.d4 Nd7 5.Nc3 Bg7 6.Nf3 Ne7 7.O-O O-O 8.e4 h6 9.h3 b6
10.Be3 Kh7 11.Qd2 exd4 12.Nxd4 Ne5 13.Qe2 c5 14.Nc2 Be6 15.Na3 N7c6 16.Nd5 Nd4
17.Qd1 Rc8 18.Rc1 Nec6 19.Nc2 Nxc2 20.Qxc2 Nd4 21.Qd1 Bxd5 22.cxd5 Qd7 23.Kh2 a5
24.h4 Rce8 25.Qd3 Qa4 26.Qc4 Qxc4 27.Rxc4 f5 28.Bxd4 Bxd4 29.exf5 gxf5 30.Rc2 f4
31.Rd1 Re5 32.Rd3 b5 33.b3 Kg7 34.Bf3 Re1 35.Kg2 Rf5 36.Rcd2 Kf6 37.Rd1 Rfe5
38.gxf4 Re7 39.Rxe1 Rxe1 40.Rd1 Re7 41.Bg4 h5 42.Bxh5 Rh7 43.Bg4 Rxh4 44.Kg3 Rh7
45.Re1 Re7 46.Rh1 Rg7  1/2-1/2

[Event "Mendrisio op"]
[Site "Mendrisio"]
[Date "1989.??.??"]
[Round "8"]
[White "Pigusov, Evgeny"]
[Black "Sher, Miron N"]
[Result "1/2-1/2"]
[WhiteElo "2560"]
[BlackElo "2470"]

1.c4 e5 2.g3 d6 3.Bg2 f5 4.Nc3 Nf6 5.d3 g6 6.e3 Bg7 7.Nge2 O-O 8.O-O Nh5
9.f4 Nc6 10.Rb1 exf4 11.exf4 Nd4 12.Be3 Nxe2+ 13.Qxe2 c6 14.Kh1 Nf6 15.Qd2 Be6
16.Bd4 Qd7 17.b4 Rfe8 18.Rfe1 Bf7 19.Rxe8+ Rxe8 20.Re1 b6 21.b5 c5 22.Bxf6 Bxf6
23.Nd5  1/2-1/2

[Event "Mendrisio op"]
[Site "Mendrisio"]
[Date "1989.??.??"]
[Round "9"]
[White "Sher, Miron N"]
[Black "Nikolic, Stanimir"]
[Result "1-0"]
[WhiteElo "2470"]
[BlackElo "2320"]

1.c4 e5 2.g3 Nf6 3.Bg2 d5 4.cxd5 Nxd5 5.Nf3 Nc6 6.O-O Nb6 7.Nc3 Be7 8.a3 O-O
9.b4 a6 10.d3 f5 11.Be3 Be6 12.Rc1 Bf6 13.Na4 Nxa4 14.Qxa4 Nd4 15.Bxd4 exd4
16.Qc2 c6 17.Rb1 Qd6 18.Nd2 Rae8 19.Nc4 Qd8 20.Rfe1 h5 21.a4 h4 22.b5 axb5
23.axb5 hxg3 24.hxg3 Bd5 25.bxc6 bxc6 26.Nd2 f4 27.g4 Qd7 28.Bf3 Be5 29.Ne4 Ra8
30.Nc5 Qd6 31.Rb7 Rf7 32.Reb1 Rxb7 33.Nxb7 Qe6 34.Nc5 Qc8 35.Rc1 Kh7 36.Ne4 Kg6
37.Kg2 Ra5 38.Rb1 Kf7 39.Qc1 Kg8 40.Qd2 Ra7 41.Qc1 Qd7 42.Qc5 Ra8 43.Rh1 g6
44.Qc1 Kg7 45.Rh4 Bxe4 46.Bxe4 Bf6 47.Qxc6 Qxc6 48.Bxc6 Ra6 49.g5 Bxg5 50.Rg4 Kf6
51.Be4 Ra2 52.Kf3 Ra1 53.Rg2 Re1 54.Rh2 Kg7 55.Bc6 Bh6 56.Bd7 Bg5 57.Be8 Bd8
58.Rg2 g5 59.Bd7 Rh1 60.Ke4 Bf6 61.Be6 Re1 62.Bg4 Rh1 63.Kf5 Ra1 64.Bf3 Ra5+
65.Kg4 Re5 66.Rg1 Be7 67.Ra1 Bb4 68.Be4 Kf6 69.Rh1 Ke7 70.Rb1 Bd2 71.Ra1 Kd6
72.Rd1 Ba5 73.Kh5 Rb5 74.Rg1 Bd2 75.Kg6 Ke7 76.Bf3 Bc3 77.Rh1 Ra5 78.Rb1 Rc5
79.Rg1 Ra5 80.Be4 Re5 81.f3 Ke6 82.Rb1 Bd2 83.Rb2 Bc3 84.Rb8 Ba5 85.Ra8 Bc3
86.Ra6+ Ke7 87.Ra4 Ke6 88.Ra8 Ke7 89.Rb8 Bd2 90.Rb7+ Ke6 91.Rh7 Be1 92.Rh1 Bh4
93.Ra1 Rb5 94.Ra8 Rb6 95.Ra5 Rb2 96.Ra4 Ke5 97.Kf7 Rxe2 98.Ra6 Rxe4 99.Ra5+ Kd6
100.dxe4 g4 101.fxg4 f3 102.Rd5+ Kc6 103.Rxd4 Be1 104.Rd5  1-0

[Event "Moscow op"]
[Site "Moscow"]
[Date "1989.??.??"]
[Round "?"]
[White "Vulfson, Vladimir"]
[Black "Verner, A."]
[Result "1-0"]
[WhiteElo "2305"]
[BlackElo "2320"]

1.c4 e5 2.g3 Nf6 3.Bg2 d5 4.cxd5 Nxd5 5.Nf3 Nc6 6.d3 Be7 7.O-O O-O 8.Nc3 Nb6
9.a3 Bg4 10.b4 a6 11.Bb2 f6 12.Ne4 Kh8 13.Nc5 Bxc5 14.bxc5 Nd7 15.Qa4 f5
16.Rac1 Qe7 17.Qc4 Rae8 18.Rfe1 f4 19.d4 exd4 20.Nxd4 Nce5 21.Qc3 c6 22.Nf3 Ng6
23.Red1 Nf6 24.Re1 Nd5 25.Qd4 Bf5 26.Nd2 Rd8 27.Nc4 Ne3 28.Qxg7+ Qxg7 29.Bxg7+ Kxg7
30.fxe3 fxg3 31.hxg3 Rd7 32.Red1 Rfd8 33.Nd6 Bg4 34.Rd4 Bxe2 35.Bh3 Ne5 36.Bxd7 Nf3+
37.Kf2 Nxd4 38.exd4 Rxd7 39.Kxe2 Kf6 40.Rb1 Rg7 41.Kf3 Ke6 42.Rxb7 Rg6 43.Rxh7 Kd5
44.Rh4 Rg8 45.Nf5 Rb8 46.Ne3+  1-0

[Event "Munich"]
[Site "Munich"]
[Date "1989.??.??"]
[Round "?"]
[White "Bischoff, Klaus"]
[Black "Cebalo, Miso"]
[Result "1/2-1/2"]
[WhiteElo "2505"]
[BlackElo "2505"]

1.c4 e5 2.g3 Nf6 3.Bg2 d5 4.cxd5 Nxd5 5.Nc3 Nb6 6.Nf3 Nc6 7.a3 Be7 8.b4 Be6
9.d3 a5 10.b5 Nd4 11.Rb1 f6 12.O-O a4 13.e3 Nb3 14.d4 O-O 15.dxe5 Qxd1 16.Rxd1 fxe5
17.Nxe5 Nxc1 18.Rdxc1 Bxa3 19.Re1 Bd6 20.Nf3 Ra7 21.Nd4 Bc4 22.Ra1 a3 23.Rec1 Be5
24.Nf3 Bf6 25.Nd2 Bf7 26.Nde4 Be7 27.Ne2 Re8 28.Nd4 Bd5 29.Nc5 Bxg2 30.Kxg2 Bf6
31.Ncb3 Nd5 32.Rc5 Rd8 33.Rc4 Rd7 34.Ra2 Be7 35.Nc2 Nb6 36.Rc3 Na4 37.Rc4 Nb2
38.Rc3 Nd1 39.Rc4 Nb2 40.Rc3 Nd1 41.Rc4 b6 42.Nbd4 Bc5 43.Nc6 Ra8 44.N2d4 Rf7
45.Rc1 Nb2 46.f4 Ra4 47.Kf3 Rd7 48.Rc3 Nc4 49.Rd3 Rd6 50.h3 g6 51.g4 h6 52.h4 Kh7
53.g5 Rd7 54.Rd1 Rd6 55.Rd3 hxg5 56.hxg5 Kg8 57.Rd1 Rd7 58.Rd3 Rh7 59.Kg2 Rh5
60.e4 Nb2 61.Rd2 Nc4 62.Rd3 Nb2 63.Rd2 Nc4  1/2-1/2

[Event "Naleczow op"]
[Site "Naleczow"]
[Date "1989.??.??"]
[Round "?"]
[White "Rotstein, Arkadij"]
[Black "Ehrenfeucht, Wojciech"]
[Result "0-1"]
[WhiteElo "2420"]
[BlackElo "2255"]

1.c4 e5 2.g3 Nf6 3.Bg2 d5 4.cxd5 Nxd5 5.Nf3 Nc6 6.O-O Nb6 7.a3 Be7 8.d3 O-O
9.Nbd2 Re8 10.b4 a5 11.b5 Nd4 12.Bb2 a4 13.Nxd4 exd4 14.Qc2 Ra5 15.Nf3 Bf6
16.Qc5 Rxe2 17.Bxd4 Be7 18.Qc3 Rxb5 19.Rab1 Nd5 20.Qc4 Ra5 21.Ne5 Bf6 22.Nxf7 Kxf7
23.Bxf6 gxf6 24.Qh4 Kg8 25.Rfe1 Rxe1+ 26.Rxe1 Bf5 27.Be4 Bg6 28.Qg4 Kg7 29.h4 f5
30.Bxf5 Nf6 31.Qb4 Rxf5 32.Re7+ Kg8 33.h5 Rxh5 34.Qc4+ Qd5  0-1

[Event "Naleczow op"]
[Site "Naleczow"]
[Date "1989.??.??"]
[Round "?"]
[White "Rotstein, Arkadij"]
[Black "Hawelko, Marek"]
[Result "1-0"]
[WhiteElo "2420"]
[BlackElo "2455"]

1.c4 e5 2.g3 Nf6 3.Bg2 d5 4.cxd5 Nxd5 5.Nf3 Nc6 6.O-O Nb6 7.Nc3 Be7 8.a3 O-O
9.b4 Re8 10.d3 a5 11.b5 Nd4 12.Nxe5 Bf6 13.f4 a4 14.Bb2 Bxe5 15.fxe5 Rxe5
16.e4 Rg5 17.Qd2 Be6 18.Qf2 Nxb5 19.h4 Nxc3 20.hxg5 Qxd3 21.Rfe1 Nb5 22.Bf1 Qd7
23.Rad1 Qc6 24.Rc1 Qd7 25.Red1 Nd6 26.e5 Ne4 27.Rxd7 Nxf2 28.Rdxc7 Ne4 29.Rxb7 Nd5
30.Bg2 Nxg3 31.Kf2 Nh5 32.Rb5 Nhf4 33.Be4 h5 34.gxh6 gxh6 35.Rd1 Rd8 36.Bc1 Rc8
37.Bd2 h5 38.Ra5 Nc3 39.Rg1+ Bg4 40.Bf5 Nh3+ 41.Kf1 Rc4 42.Bh6 Rf4+ 43.Bxf4 Nxg1
44.Bxg4 hxg4 45.Kxg1 Ne2+ 46.Kf1 Nxf4 47.Rxa4 Nd3 48.Rxg4+ Kf8 49.Re4 Ke7
50.a4 Ke6 51.a5 Nc5 52.Re3 Kd5 53.Ke2 Kc4 54.Kf3 Kb4 55.Kf4 Kxa5 56.Kf5 Nd7
57.Rd3  1-0

[Event "New York op"]
[Site "New York"]
[Date "1989.??.??"]
[Round "7"]
[White "Suba, Mihai"]
[Black "Thorsteins, Karl"]
[Result "1-0"]
[WhiteElo "2515"]
[BlackElo "2430"]

1.c4 e5 2.g3 Nf6 3.Bg2 d5 4.cxd5 Nxd5 5.Nc3 Nb6 6.Nf3 Nc6 7.O-O Be7 8.a3 O-O
9.b4 Be6 10.Rb1 f6 11.Ne4 Ba2 12.Rb2 Bd5 13.Nc5 e4 14.Ne1 Nc4 15.Rb1 Bxc5
16.bxc5 b6 17.d3 exd3 18.e4 Bf7 19.Nxd3 Nd4 20.a4 Qd7 21.Bf4 Rad8 22.cxb6 axb6
23.Nb4 c6 24.Be3 c5 25.Nd5 Bxd5 26.exd5 Nf5 27.Bf4 Nd4 28.h4 Rfe8 29.Kh2 Re2
30.Qc1 Qxa4 31.Bc7 Rde8 32.Ra1 Qb3 33.d6 Ne5 34.Ra3 Qe6 35.Bxb6 Ng4+ 36.Kg1 Nxf2
37.Bxc5 Rc2 38.Qe3 Ne2+ 39.Kxf2 Nf4+ 40.Kf3 Qd5+ 41.Kxf4 g5+ 42.Kg4 h5+ 43.Kxh5 Qf7+
44.Kg4 Rxe3 45.Bxe3 Qe6+ 46.Kh5 Qe8+ 47.Kh6 Qf8+ 48.Kg6 Qf7+ 49.Kf5 Qd7+
50.Kxf6 Qd8+ 51.Kg6 Rxg2 52.d7 gxh4 53.Bc5 Rxg3+ 54.Rxg3 hxg3 55.Rf8+ Qxf8
56.Bxf8  1-0

[Event "New York op"]
[Site "New York"]
[Date "1989.??.??"]
[Round "7"]
[White "Frias, Victor J"]
[Black "Murrey, Jacob"]
[Result "0-1"]
[WhiteElo "2510"]
[BlackElo "2560"]

1.c4 e5 2.g3 Nc6 3.Bg2 g6 4.Nc3 Bg7 5.e3 Nge7 6.Nge2 O-O 7.O-O a6 8.Rb1 Rb8
9.b4 b5 10.cxb5 axb5 11.a4 Ba6 12.axb5 Bxb5 13.Nxb5 Rxb5 14.Ba3 Rb8 15.Qa4 Ra8
16.Qb3 Rb8 17.b5 Na7 18.Qc4 d6 19.Rfc1 Re8 20.Qa4 Nac8 21.d3 d5 22.Nc3 Nb6
23.Qb3 d4 24.exd4 exd4 25.Ne4 Ned5 26.Bc5 Kh8 27.h4 h6 28.Bxb6 Rxb6 29.Rc6 Rxc6
30.bxc6 f5 31.Nc5 Nc3 32.Ra1 Qe7 33.Nd7 f4 34.g4 Ne2+ 35.Kf1 f3 36.Bxf3 Nf4
37.g5 hxg5 38.hxg5 Kh7 39.Qb5 Qe6 40.Be4 Qh3+  0-1

[Event "Novi Sad op"]
[Site "Novi Sad"]
[Date "1989.??.??"]
[Round "8"]
[White "Berkovich, Mark A"]
[Black "Suetin, Alexey S"]
[Result "1/2-1/2"]
[WhiteElo "2315"]
[BlackElo "2350"]

1.c4 e5 2.g3 g6 3.Bg2 Bg7 4.Nc3 Ne7 5.e3 Nbc6 6.Nge2 O-O 7.O-O d6 8.d3 Be6
9.Nd5 Qd7 10.Rb1 Nd8 11.b4 Nxd5 12.cxd5 Bh3 13.Bd2 Bxg2 14.Kxg2 f5 15.e4 Nf7
16.f3 Bh6 17.Bxh6 Nxh6 18.Qd2  1/2-1/2

[Event "Novosibirsk"]
[Site "Novosibirsk"]
[Date "1989.??.??"]
[Round "?"]
[White "Vekshenkov, Nikolai"]
[Black "Karasev, Vladimir I"]
[Result "1-0"]
[WhiteElo "2295"]
[BlackElo "2370"]

1.c4 e5 2.g3 f5 3.Bg2 Nf6 4.Nc3 d6 5.d3 Be7 6.e3 O-O 7.Nge2 Nc6 8.Rb1 Qe8
9.b4 a6 10.a4 Bd8 11.O-O Kh8 12.Ba3 Qh5 13.c5 dxc5 14.b5 Nb4 15.Bxb4 cxb4
16.Rxb4 axb5 17.Nxb5 Qf7 18.Qc2 c6 19.Nbc3 Ba5 20.Rb2 Rd8 21.Rfb1 g5 22.d4 e4
23.Rf1 Re8 24.Qb3 Qh5 25.d5 Ng4 26.h3 Ne5 27.Rd1 Nf3+ 28.Kf1 cxd5 29.Nxd5 Be6
30.Qb5 Red8 31.Rc2 Qf7 32.Rc5 Nd2+ 33.Rxd2 Bxd2 34.Qb2+ Qg7 35.Qxd2 Qa1+
36.Rc1 Rxd5 37.Nd4 Qa3 38.g4 fxg4 39.Bxe4 Rd7 40.Qe2 Bf7 41.hxg4 Qxa4 42.Qb2 Qa6+
43.Nb5+ Kg8 44.Kg2 Rad8 45.Qe5 h6 46.Nd4 Bd5 47.Nf5 Bxe4+ 48.Qxe4 Qf6 49.Rh1 Rh7
50.Kg3 Kh8 51.Rh5 b5 52.Rh1 h5 53.Rc1 hxg4 54.Rc6 Qa1 55.Rc1 Qf6 56.Rc6 Qf7
57.Qe5+ Rg7 58.Kxg4 Re8 59.Qd4 Qd7 60.Rd6 Qb7 61.f3 Rc8 62.e4 Rf8 63.Qe5 Kg8
64.Qe6+ Kh8 65.Qh6+ Kg8 66.Nxg7  1-0

[Event "Novosibirsk"]
[Site "Novosibirsk"]
[Date "1989.??.??"]
[Round "?"]
[White "Makarov, Marat"]
[Black "Semeniuk, Alexander A"]
[Result "1-0"]
[WhiteElo "2505"]
[BlackElo "2365"]

1.c4 e5 2.g3 Nf6 3.Bg2 Nc6 4.Nc3 Bb4 5.Nd5 Bc5 6.e3 d6 7.Ne2 O-O 8.O-O a6
9.a3 Bd7 10.b4 Ba7 11.Bb2 Rb8 12.f4 Nxd5 13.cxd5 Ne7 14.fxe5 dxe5 15.Bxe5 Bb5
16.Nf4 Bxf1 17.Qxf1 Ng6 18.Bc3 Qg5 19.Kh1 Rfe8 20.Nxg6 hxg6 21.Qc4 Re7 22.Rf1 Rd8
23.Ba1 Rd6 24.Qc3 f6 25.a4 Qg4 26.Bf3 Qh3 27.Qc4 Qd7 28.Qb3 Kh8 29.Bc3 c6
30.dxc6 bxc6 31.Qc4 Bxe3 32.dxe3 Rxe3 33.Bb2 Qe7 34.Kg2 Re1 35.Rf2 Qe3 36.Qh4+ Kg8
37.Qc4+ Kh8 38.Qc3 Rd3 39.Qc2 Kh7 40.a5 Rd6 41.h4 Kh8 42.Qc5 Qd3 43.Qc3 Qb1
44.Qc2 Rg1+ 45.Kh2 Rf1 46.Qxb1 Rxf2+ 47.Bg2 Rdd2 48.Qe4 Rxb2 49.Qxc6 Rxb4
50.Qxa6  1-0

[Event "Primorsko op"]
[Site "Primorsko"]
[Date "1989.??.??"]
[Round "?"]
[White "Arnaudov, Petar"]
[Black "Rausis, Igors"]
[Result "1-0"]
[WhiteElo "2245"]
[BlackElo "2435"]

1.c4 e5 2.g3 Nc6 3.Bg2 d6 4.Nc3 Be6 5.d3 Qd7 6.Rb1 Nge7 7.b4 d5 8.b5 Nb8
9.cxd5 Nxd5 10.Bd2 Be7 11.Nf3 f6 12.a4 O-O 13.O-O c5 14.bxc6 Nxc6 15.Rb5 Rac8
16.Nxd5 Bxd5 17.Nxe5 fxe5 18.Bxd5+ Kh8 19.Bxc6 Rxc6 20.Rxe5 Bc5 21.Be3 Bxe3
22.fxe3 Rxf1+ 23.Qxf1 h6 24.Qf8+ Kh7 25.Qf5+  1-0

[Event "San Bernardino op"]
[Site "San Bernardino"]
[Date "1989.??.??"]
[Round "7"]
[White "Fauland, Alexander"]
[Black "Hodgson, Julian M"]
[Result "0-1"]
[WhiteElo "2450"]
[BlackElo "2545"]

1.c4 e5 2.g3 g6 3.Bg2 Bg7 4.Nc3 f5 5.d3 Nc6 6.Nh3 d6 7.f4 Nf6 8.O-O O-O 9.Rb1 Kh8
10.b4 a6 11.Nd5 Ng4 12.a4 Ne7 13.a5 Nxd5 14.cxd5 h6 15.Nf2 Nxf2 16.Rxf2 Bd7
17.e4 exf4 18.gxf4 Qh4 19.Qf3 g5 20.Qg3 Qxg3 21.hxg3 Bb5 22.fxg5 Bxd3 23.Rb3 fxe4
24.gxh6 Bd4 25.Bb2 Bxb2 26.Rfxb2 Rg8 27.Rc3 Rae8 28.Kf2 e3+ 29.Ke1 Bb5 30.Rxc7 Rxg3
31.Rg7 Rxg7 32.hxg7+ Kxg7 33.Bf3 e2 34.Rb3 Kf6 35.Rc3 Re7 36.Rc1 Ke5 37.Kd2 Kf4
38.Bh5 Re5 39.Bf7 Kg3  0-1

[Event "Sochi-A"]
[Site "Sochi"]
[Date "1989.??.??"]
[Round "?"]
[White "Pigusov, Evgeny"]
[Black "Vyzmanavin, Alexey"]
[Result "1/2-1/2"]
[WhiteElo "2560"]
[BlackElo "2555"]

1.c4 e5 2.g3 Nf6 3.Bg2 d5 4.cxd5 Nxd5 5.Nc3 Nb6 6.Nf3 Nc6 7.a3 Be7 8.O-O O-O
9.b4 Be6 10.Rb1 f6 11.d3 Nd4 12.Be3 c5 13.Ne4 cxb4 14.axb4 Rc8 15.Nc5 Bxc5
16.bxc5 Rxc5 17.Rb4 Nxf3+ 18.Bxf3 Rc7 19.Bxb6 axb6 20.Rxb6 Bd5 21.Bxd5+  1/2-1/2

[Event "BUL-ch"]
[Site "Sofia"]
[Date "1989.??.??"]
[Round "7"]
[White "Danailov, Silvio"]
[Black "Panbukchian, Valentin"]
[Result "0-1"]
[WhiteElo "2385"]
[BlackElo "2215"]

1.c4 e5 2.g3 Nf6 3.Bg2 d5 4.cxd5 Nxd5 5.Nc3 Nb6 6.Nf3 Nc6 7.O-O Be7 8.a3 O-O
9.b4 a6 10.Rb1 Bg4 11.d3 f5 12.Be3 Kh8 13.Nd2 Rb8 14.Nb3 Nd4 15.Nc5 c6 16.Re1 Bxc5
17.bxc5 Nd7 18.Bxd4 exd4 19.Na4 f4 20.Rb4 Qf6 21.f3 a5 22.Rb1 Be6 23.Qd2 Qe5
24.gxf4 Rxf4 25.e3 Rh4 26.f4 Qh5 27.exd4 Bd5 28.Bxd5 Qxd5 29.Qg2 Qxd4+ 30.Kh1 Nf6
31.Qg3 Rg4 32.Qf3 Qxa4  0-1

[Event "Tel Aviv-B"]
[Site "Tel Aviv"]
[Date "1989.??.??"]
[Round "?"]
[White "Csom, Istvan"]
[Black "Pein, Malcolm"]
[Result "1-0"]
[WhiteElo "2545"]
[BlackElo "2405"]

1.c4 e5 2.g3 Nc6 3.Bg2 g6 4.Nc3 Bg7 5.e4 Nge7 6.Nge2 O-O 7.d3 d6 8.O-O f5
9.Rb1 Be6 10.Nd5 Qd7 11.Be3 Rab8 12.b3 Nd4 13.Bxd4 exd4 14.Nef4 fxe4 15.Nxe6 Qxe6
16.Bxe4 Qd7 17.Nxe7+ Qxe7 18.Re1 Qd7 19.Bd5+ Kh8 20.Be6 Qe7 21.h4 c6 22.Re4 b5
23.Bh3 Qf6 24.Rf4 Qe5 25.Rxf8+ Rxf8 26.Qd2 Re8 27.Bg4 bxc4 28.bxc4 d5 29.Bd7 Rf8
30.Bxc6 dxc4 31.dxc4 d3 32.Bd5 Qf5 33.Rb3 Bd4 34.Rxd3 Bxf2+ 35.Kg2 Qe5 36.Qc3 Qxc3
37.Rxc3 Bc5 38.Rc2 Kg7 39.Re2 Rb8 40.g4 h6 41.g5 hxg5 42.hxg5 Rb1 43.Kh3 Rg1
44.Re5 Bd6 45.Re6 Bc5 46.Bg2 Rc1 47.Be4 Rxc4 48.Rxg6+ Kf7 49.Rf6+ Kg7 50.Re6 Ra4
51.Bd5 Rd4 52.Bb3 a5 53.Ra6 Bb4 54.Bc2 Rd7 55.Kg4 Rc7 56.Bb3 Bc3 57.Ra8 Kg6
58.Bd5 Re7 59.Ra6+ Kg7 60.Rc6 Bd2 61.Kf5 Be3 62.Rc8 Bd4 63.Be6 Bb2 64.a4 Bd4
65.Rg8+ Kh7 66.Rd8 Bc3 67.Rc8 Bd4 68.Rc4 Bb2 69.Rc5 Ra7 70.Kg4 Kg6 71.Bb3 Bd4
72.Rc6+ Kg7 73.Kh5 Rb7 74.Bd5 Rd7 75.Bc4  1-0

[Event "Tirnavia-C"]
[Site "Trnava"]
[Date "1989.??.??"]
[Round "5"]
[White "Raicevic, Momcilo"]
[Black "Brandner, Stefan"]
[Result "0-1"]
[WhiteElo "2390"]
[BlackElo "2270"]

1.c4 e5 2.g3 Nc6 3.Bg2 f5 4.Nc3 Nf6 5.d3 Bc5 6.e3 f4 7.Nf3 fxe3 8.fxe3 O-O
9.O-O d6 10.d4 Bb6 11.c5 dxc5 12.d5 Ne7 13.Nxe5 Qe8 14.Nc4 Bg4 15.Qb3 Kh8
16.e4 Qh5 17.Bf4 Ng6 18.Qc2 Nd7 19.Nxb6 cxb6 20.Bd6 Rf6 21.Rxf6 gxf6 22.Rf1 Rg8
23.Qf2 Rg7 24.Qe3 Nge5 25.b3 Rg6 26.Rf4 Bh3 27.Qe2 Qg5 28.Qf1 Bxg2 29.Kxg2 Ng4
30.Qe2 Nxh2 31.Rf5 Qc1 32.Kxh2 Qxc3 33.Rh5 b5 34.Qf2 Qd4 35.Qf5 Qd1 36.Rh4 Rg7
37.Rf4 c4 38.bxc4 bxc4 39.Qe6 Qe1 40.Kg2 Rxg3+  0-1

[Event "Uzes op"]
[Site "Uzes"]
[Date "1989.??.??"]
[Round "1"]
[White "Todorcevic, Miodrag"]
[Black "Heddache, R."]
[Result "1-0"]
[WhiteElo "2530"]
[BlackElo "1760"]

1.c4 e5 2.g3 Nc6 3.Bg2 Nf6 4.Nc3 Bb4 5.e3 O-O 6.Nge2 Re8 7.a3 Bf8 8.d3 Ne7
9.e4 c6 10.Bg5 Ng6 11.O-O h6 12.Be3 d6 13.d4 Qc7 14.h3 Be6 15.d5 Bc8 16.b4 cxd5
17.cxd5 Bd7 18.Qd3 Rec8 19.Rfc1 Qd8 20.a4 Ne8 21.a5 Be7 22.h4 Nf6 23.f3 Nh5
24.Qd2 Rc4 25.b5 Qe8 26.Rcb1 Qc8 27.Rb3 Bd8 28.Qe1 b6 29.Qf2 Rb8 30.axb6 Bxb6
31.Bxb6 axb6 32.Ra7 Rc5 33.Bf1 Nf6 34.Qe3 Nf8 35.Nc1 Ne8 36.N1a2 Nc7 37.Rb4 Qe8
38.Qd3 Qc8 39.Qb1 Rb7 40.Rxb7 Qxb7 41.Na4  1-0

[Event "Uzes op"]
[Site "Uzes"]
[Date "1989.??.??"]
[Round "2"]
[White "Spiridonov, Nikola"]
[Black "Flachet, T."]
[Result "1-0"]
[WhiteElo "2400"]
[BlackElo "1980"]

1.c4 e5 2.g3 Nf6 3.Bg2 d5 4.cxd5 Nxd5 5.Nc3 Nb6 6.Nf3 Nc6 7.O-O Be7 8.a3 O-O
9.b4 Bf6 10.Ne4 Be7 11.d3 a6 12.Bb2 f5 13.Nc5 Bf6 14.Rc1 Qd6 15.Nd2 Nd8 16.Re1 c6
17.e4 Bg5 18.exf5 Qh6 19.Rc2 Bxf5 20.Rxe5 Ne6 21.Nde4 Nxc5 22.Nxc5 Rad8 23.h4 Bxh4
24.gxh4 Qxh4 25.Qe1 Rd6 26.f3 Qh5 27.Ne6 Rf6 28.Nf4 Qg5 29.Re8+ Rf8 30.Qe5 Rh6
31.Rxf8+ Kxf8 32.Re2  1-0

[Event "Uzes op"]
[Site "Uzes"]
[Date "1989.??.??"]
[Round "4"]
[White "Spiridonov, Nikola"]
[Black "Luce, Sebastien"]
[Result "1/2-1/2"]
[WhiteElo "2400"]
[BlackElo "2340"]

1.c4 e5 2.g3 Nf6 3.Bg2 Nc6 4.d3 Bc5 5.Nc3 O-O 6.e3 d6 7.a3 a6 8.b4 Ba7 9.Nge2 Bf5
10.O-O h6  1/2-1/2

[Event "Uzes op"]
[Site "Uzes"]
[Date "1989.??.??"]
[Round "8"]
[White "Abravanel, Chely"]
[Black "Boudre, Jean Pierre"]
[Result "1/2-1/2"]
[WhiteElo "2265"]
[BlackElo "2400"]

1.g3 e5 2.c4 Nf6 3.Bg2 Nc6 4.d3 g6 5.Nc3 Bg7 6.e3 O-O 7.Nge2 Ne7 8.e4 d6
9.O-O Nd7 10.Be3 Nc5 11.f4 Nc6 12.f5 a5 13.Nd5 Nb4 14.Nxb4 axb4 15.g4 Bd7
16.Qd2 Bc6 17.Bh6 gxf5 18.Bxg7 Kxg7 19.gxf5 f6 20.Nc1 b5 21.cxb5 Bxb5 22.Rf3 b3
23.a3 Kh8 24.Ne2 Rg8 25.Ng3 Ra4 26.Rc1 Qf8 27.Kh1  1/2-1/2

[Event "Vosu op"]
[Site "Vosu"]
[Date "1989.??.??"]
[Round "?"]
[White "Donchenko, Anatoly G"]
[Black "Karjus, K."]
[Result "0-1"]
[WhiteElo "2370"]
[BlackElo "2185"]

1.c4 e5 2.g3 Nc6 3.Bg2 h5 4.h3 Nf6 5.Nc3 Bb4 6.Nf3 d6 7.Nd5 Bc5 8.d3 Nxd5
9.cxd5 Nd4 10.Nd2 Bd7 11.a3 a5 12.e3 Nf5 13.Ne4 Bb6 14.O-O h4 15.g4 Ne7 16.d4 exd4
17.exd4 Ng6 18.Qd3 O-O 19.Bg5 f6 20.Bd2 Qe8 21.Nc3 Qf7 22.Rae1 Rae8 23.f4 f5
24.g5 Rxe1 25.Rxe1 Re8 26.Rxe8+ Qxe8 27.Bf3 c5 28.dxc6 bxc6 29.Kf2 Ne7 30.Be3 d5
31.Na4 Bc7 32.Nc5 Nc8 33.Qe2 Nd6 34.Nd3 Ne4+ 35.Kg2 Qb8 36.Qc2 g6 37.Ne5 Bxe5
38.dxe5 Kf7 39.Bd4 Qb7 40.Be2 a4 41.Bd3 Qb3 42.Be3 Qb7 43.Kf1 Qa8 44.Bf2 Be6
45.Bd4 Bd7 46.Qc1 Qc8 47.Bc5 Qb7 48.Be3 c5 49.Bxc5 Bb5 50.Be2 Qc6 51.Be3 Ng3+  0-1

[Event "Warsaw op"]
[Site "Warsaw"]
[Date "1989.??.??"]
[Round "?"]
[White "Danailov, Silvio"]
[Black "Twardon, Marian"]
[Result "1-0"]
[WhiteElo "2385"]
[BlackElo "2295"]

1.c4 e5 2.g3 Nc6 3.Bg2 d6 4.Nc3 Be6 5.d3 Qd7 6.Rb1 g6 7.b4 Bg7 8.b5 Nd8 9.Nd5 c6
10.bxc6 bxc6 11.Nc3 Nf6 12.Nf3 h6 13.O-O O-O 14.Qa4 Bh3 15.c5 Bxg2 16.Kxg2 dxc5
17.Ba3 Re8 18.Bxc5 Ne6 19.Be3 Nh5 20.Rfc1 f5 21.Qa6 Nd4 22.Rb7 Qe6 23.Bxd4 exd4
24.Na4 f4 25.Rxc6 Qxe2 26.Rb2 Qe7 27.g4 Nf6 28.Rb7 Nd7 29.Rcc7 Rad8 30.Qxg6  1-0

[Event "Yerevan"]
[Site "Yerevan"]
[Date "1989.??.??"]
[Round "?"]
[White "Spiridonov, Nikola"]
[Black "Akopian, Vladimir"]
[Result "0-1"]
[WhiteElo "2390"]
[BlackElo "2520"]

1.c4 e5 2.g3 Nf6 3.Bg2 g6 4.Nc3 Bg7 5.Nf3 Nc6 6.O-O O-O 7.Rb1 a5 8.a3 d6
9.d3 Nd4 10.b4 axb4 11.axb4 c6 12.b5 Bg4 13.bxc6 bxc6 14.e3 Nxf3+ 15.Bxf3 Bxf3
16.Qxf3 d5 17.cxd5 cxd5 18.e4 Qa5 19.Rb3 d4 20.Nb1 Rfc8 21.Ra3 Qb4 22.Rxa8 Rxa8
23.Nd2 Nd7 24.Nc4 Nc5 25.Rd1 Qb3 26.Kg2 Ra1 27.Qg4 h5 28.Qc8+ Kh7 29.Nb2 Qc2
30.Bh6 Rxd1 31.Bxg7 Kxg7 32.Nxd1 Nxd3 33.Qxc2 Ne1+ 34.Kf1 Nxc2 35.Ke2 Nb4
36.f4 Kf6 37.h4 Ke6 38.Nb2 f6 39.Nc4 Na6 40.Kf3 Nc5 41.fxe5 fxe5 42.Nd2 Nd7
43.g4 Kd6 44.g5 Kc5 45.Ke2 Kb4 46.Kd3 Nc5+ 47.Kc2 d3+  0-1

[Event "Zuerich op"]
[Site "Zuerich"]
[Date "1989.??.??"]
[Round "?"]
[White "Knoedler, Dieter"]
[Black "Fioramonti, Hung"]
[Result "0-1"]
[WhiteElo "2255"]
[BlackElo "2305"]

1.c4 e5 2.g3 g6 3.Nc3 Bg7 4.Bg2 Nf6 5.Nf3 Nc6 6.d3 d6 7.Rb1 a5 8.a3 O-O 9.O-O Nd4
10.b4 axb4 11.axb4 Nxf3+ 12.Bxf3 c6 13.Qb3 Be6 14.Bg5 h6 15.Bxf6 Bxf6 16.b5 Qc7
17.bxc6 bxc6 18.Qb6 Rac8 19.Qa6 Bd7 20.Rb7 Qd8 21.Rfb1 Bg7 22.Ra7 f5 23.Rbb7 Rf7
24.Bd5 cxd5 25.Qxd6 Be8 26.Qxd5 Qxd5 27.Nxd5 Rxb7 28.Rxb7 Kf8 29.Ra7 Rb8
30.h4 Bc6 31.e4 fxe4 32.dxe4 Rb1+  0-1

[Event "Aarhus int-B"]
[Site "Aarhus"]
[Date "1990.??.??"]
[Round "4"]
[White "Pedersen, E."]
[Black "Kroll, Ove"]
[Result "1/2-1/2"]
[WhiteElo "2415"]
[BlackElo "2340"]

1.c4 e5 2.g3 Nc6 3.Bg2 g6 4.Nc3 Bg7 5.Nf3 f5 6.O-O Nf6 7.d3 d6 8.Rb1 h6 9.b4 Be6
10.b5 Ne7 11.Nd2 Rb8 12.Qa4 Nd7 13.Qxa7 Nc5 14.Qa3 O-O 15.Nb3 b6 16.Nxc5 dxc5
17.Qb3 f4 18.Ne4 g5 19.a4 g4 20.Re1 Nf5 21.e3 f3 22.Bf1 h5 23.a5 h4 24.Rb2 Qe8
25.Ra2 Qh5 26.Qc3 Rf7 27.a6 Bh8 28.Qc2 Rbf8 29.Rd1 Bc8 30.Qc3 Rh7  1/2-1/2

[Event "FRA-ch"]
[Site "Angers"]
[Date "1990.??.??"]
[Round "15"]
[White "Birmingham, Eric"]
[Black "Roos, Louis"]
[Result "0-1"]
[WhiteElo "2305"]
[BlackElo "2380"]

1.g3 e5 2.c4 Nc6 3.Bg2 g6 4.Nc3 Bg7 5.Rb1 f5 6.d3 Nf6 7.e3 O-O 8.Nge2 a6
9.b4 Qe7 10.Nd5 Nxd5 11.cxd5 Na7 12.O-O d6 13.a4 Bd7 14.Qb3 Kh8 15.Bd2 c6
16.Nc3 Qf7 17.Rfc1 Rac8 18.a5 Nb5 19.Na4 Rc7 20.Nb6 Be8 21.dxc6 Qxb3 22.Rxb3 bxc6
23.Rbb1 g5 24.Bc3 f4 25.Bb2 h5 26.Rc4 f3 27.Bf1 d5 28.Rc5 h4 29.g4 Re7 30.Rd1 Kh7
31.h3 Nc7 32.Nc8 Re6 33.Rdc1 Rff6 34.d4 e4 35.Ra1 Bf8 36.b5 axb5 37.a6 Na8
38.Rcc1 Bd7 39.Na7 Bd6 40.Nxc6 Bxc6 41.Rxc6 Bh2+ 42.Kxh2 Rxc6 43.Bxb5 Rc2
44.Ba3 Rxf2+ 45.Kg1 Rg2+ 46.Kh1 Rb6 47.Bf1 Rf2 48.a7 Rc2 49.Kg1 Rb7 50.Bc5 Kg7
51.Ba6 Rbb2 52.Bf1 Kf7 53.Bd6 Ke6 54.Bc5 Nc7 55.Ra6+ Kf7 56.Rb6 Ra2 57.Rb7 Rc1
58.Rxc7+ Ke6 59.Ba3 Rg2+  0-1

[Event "JUG-chT FL"]
[Site "Arandjelovac"]
[Date "1990.??.??"]
[Round "4"]
[White "Raicevic, Momcilo"]
[Black "Maric, Dragan"]
[Result "1-0"]
[WhiteElo "2400"]
[BlackElo "2320"]

1.c4 e5 2.g3 Nf6 3.Bg2 d5 4.cxd5 Nxd5 5.Nc3 Nb6 6.Nf3 Nc6 7.O-O Be7 8.a3 O-O
9.b4 Re8 10.d3 a5 11.b5 Nd4 12.Bb2 Bf8 13.Nd2 a4 14.Rb1 Qd7 15.Nc4 Nxb5 16.Nxb5 Qxb5
17.Bd4 Qa6 18.Bxb6 cxb6 19.Rxb6 Qa7 20.Qb1 Rb8 21.Qb5 Re6 22.Bd5 Rxb6 23.Nxb6 Bh3
24.Rb1 Bxa3 25.Qc4 Bd6 26.Bxf7+ Kh8 27.Be6 Bxe6 28.Qxe6 Bf8 29.Nd7 Ra8 30.Nxe5 g6
31.Nf7+ Kg7 32.Ng5 b6 33.Rxb6 Qe7 34.Qd5 Ra7 35.Ne6+ Kf7 36.Qf3+  1-0

[Event "AUT-chT playoff"]
[Site "Austria"]
[Date "1990.??.??"]
[Round "?"]
[White "Brestian, Egon"]
[Black "Eisterer, Heinrich"]
[Result "1-0"]
[WhiteElo "2470"]
[BlackElo "2380"]

1.c4 e5 2.g3 Nf6 3.Bg2 Bc5 4.Nc3 O-O 5.Nf3 e4 6.Ng5 Bxf2+ 7.Kxf2 Ng4+ 8.Kg1 Qxg5
9.Nxe4 Qe7 10.h3 Ne5 11.d3 d6 12.Kh2 Nbd7 13.Rf1 Re8 14.Bd2 f6 15.b3 Nf8
16.Nc3 c6 17.Qe1 Be6 18.Qf2 Bf7 19.d4 Ned7 20.Rfe1 Ng6 21.Rad1 Rad8 22.Bc1 Nb6
23.e4 Qc7 24.Bb2 a6 25.Rd2 Nd7 26.Nd1 c5 27.Ne3 cxd4 28.Nf5 Ne7 29.Bxd4 Nxf5
30.exf5 Rxe1 31.Qxe1 Re8 32.Qd1 Nc5 33.Qg4 h5 34.Qf4 Qe7 35.Bf2 Ne4 36.Re2 d5
37.cxd5 Bxd5 38.Bf3 Qb4 39.a3 Qe7 40.Bxh5 Bf7 41.Bf3 Bd5 42.b4 b5 43.h4 Qb7
44.Bd4 Re7 45.g4 Kh8 46.g5 Nd2 47.Rxe7 Nxf3+ 48.Qxf3 Bxf3 49.Re8+ Kh7 50.g6+ Kh6
51.Rh8+  1-0